000
00312nam a22001337a 4500
008
181101b xxu||||| |||| 00| 0 eng d
020
_a
0669214612
041
_a
eng
080
_a
159.9
100
_a
48
101
_a
PSI
245
_a
Family Therapy for Adolescent Drug Abuse
_c
Friedman,A.S
942
_2
udc
_c
BK
999
_c
51461
_d
51461